|
|
|
|
| LEADER |
00000cam a2200000 7i4500 |
| 001 |
0000000222 |
| 008 |
021118s1972 |
| 020 |
|
|
|a 0246120541
|
| 090 |
0 |
0 |
|a TA684
|b .S7 1972
|
| 245 |
0 |
0 |
|a Steel designers' manual
|c prepared for the Constructional Steel Research and Development Organisation
|
| 250 |
|
|
|a 4th ed. (rev.)
|
| 260 |
2 |
|
|a London
|b ELBS
|b Granada
|c 1972
|
| 300 |
|
|
|a 1092 p.
|c 24 cm
|
| 650 |
|
0 |
|a Building, Iron and steel
|v Handbooks, manuals, etc.
|
| 650 |
|
0 |
|a Steel
|
| 650 |
|
0 |
|a Steel, Structural
|x Handbooks, manuals, etc.
|
| 710 |
2 |
1 |
|a Constructional Steel Research and Development Organisation (Great Britain)
|
| 999 |
|
|
|a 1000052751
|b Book
|c Reference
|e Gong Badak Campus
|